书目信息 |
| 题名: |
创意产业园区区域协同机理研究
|
|
| 作者: | 董秋霞 著 | |
| 分册: | ||
| 出版信息: | 北京 经济管理出版社 2015.07 |
|
| 页数: | 258页 | |
| 开本: | 24cm | |
| 丛书名: | 海派时尚与创意经济系列丛书 | |
| 单 册: | ||
| 中图分类: | G114 | |
| 科图分类: | ||
| 主题词: | 文化产业--产业发展--研究 | |
| 电子资源: | ||
| ISBN: | 978-7-5096-4517-8 | |
| 000 | 01341nam 2200265 450 | |
| 001 | 2371028437 | |
| 005 | 20231211194455.55 | |
| 010 | @a978-7-5096-4517-8@d48.00CNY | |
| 100 | @a20161103d2015 em y0chiy50 ea | |
| 101 | 0 | @achi |
| 102 | @aCN@b110000 | |
| 105 | @aak a 000yy | |
| 200 | 1 | @a创意产业园区区域协同机理研究@Achuang yi chan ye yuan ou ou yu xie tong ji li yan jiu@d= The research regional synergetis mechanism of creative indsutry park@f董秋霞著@zeng |
| 210 | @a北京@c经济管理出版社@d2015.07 | |
| 215 | @a258页@c图@d24cm | |
| 225 | 2 | @a海派时尚与创意经济系列丛书@Ahai pai shi shang yu chuang yi jing ji ji lie cong shu |
| 320 | @a有书目 (第237-255页) | |
| 330 | @a本书在对现有文献相关研究进行梳理的基础上, 结合目前创意产业园区价值创造相关研究的现状, 从竞争与合作交互作用下的资源集成协同效应入手, 展开对创意产业园区区域协同实现资源优化整合的经济学分析和特性分析, 并分析了创意园区区域行为主体通过集体学习的方式实现资源的网络化协同, 主要通过产学研合作联盟、开放式创新体系和创意领先战略的作用路径实现创意产业园区区域协同发展。 | |
| 410 | 0 | @12001 @a海派时尚与创意经济系列丛书 |
| 510 | 1 | @aResearch regional synergetis mechanism of creative indsutry park@zeng |
| 606 | 0 | @a文化产业@x产业发展@x研究 |
| 690 | @aG114@v5 | |
| 701 | 0 | @a董秋霞@Adong qiu xia@4著 |
| 801 | 0 | @aCN@b湖北三新@c20161103 |
| 905 | @aBZT@dG114@e13 | |
| 创意产业园区区域协同机理研究= The research regional synergetis mechanism of creative indsutry park/董秋霞著.-北京:经济管理出版社,2015.07 |
| 258页:图;24cm.-(海派时尚与创意经济系列丛书) |
| ISBN 978-7-5096-4517-8:48.00CNY |
| 本书在对现有文献相关研究进行梳理的基础上, 结合目前创意产业园区价值创造相关研究的现状, 从竞争与合作交互作用下的资源集成协同效应入手, 展开对创意产业园区区域协同实现资源优化整合的经济学分析和特性分析, 并分析了创意园区区域行为主体通过集体学习的方式实现资源的网络化协同, 主要通过产学研合作联盟、开放式创新体系和创意领先战略的作用路径实现创意产业园区区域协同发展。 |
| ● |
| 相关链接 |
|
|
|
正题名:创意产业园区区域协同机理研究
索取号:G114/13
 
预约/预借
| 序号 | 登录号 | 条形码 | 馆藏地/架位号 | 状态 | 备注 |
| 1 | 2001592168 | 2001592168 | 辽三/辽宁北配(第三批)/2030/ [索取号:G114/13] | 在馆 | |
| 2 | 2001592169 | 2001592169 | 辽三/辽宁北配(第三批)/2030/ [索取号:G114/13] | 在馆 | |
| 3 | 2001592170 | 2001592170 | 辽三/辽宁北配(第三批)/2030/ [索取号:G114/13] | 在馆 | |
| 4 | 2001592171 | 2001592171 | 辽三/辽宁北配(第三批)/2030/ [索取号:G114/13] | 在馆 | |
| 5 | 2001592172 | 2001592172 | 辽三/辽宁北配(第三批)/2030/ [索取号:G114/13] | 在馆 | |
| 6 | 2001592173 | 2001592173 | 辽三/辽宁北配(第三批)/2030/ [索取号:G114/13] | 在馆 | |
| 7 | 2001592174 | 2001592174 | 辽三/辽宁北配(第三批)/2030/ [索取号:G114/13] | 在馆 | |
| 8 | 2001592175 | 2001592175 | 辽三/辽宁北配(第三批)/2030/ [索取号:G114/13] | 在馆 | |
| 9 | 2001592176 | 2001592176 | 辽三/辽宁北配(第三批)/2030/ [索取号:G114/13] | 在馆 | |
| 10 | 2001592177 | 2001592177 | 辽三/辽宁北配(第三批)/2030/ [索取号:G114/13] | 在馆 | |
| 11 | 2001592178 | 2001592178 | 辽三/辽宁北配(第三批)/2031/ [索取号:G114/13] | 在馆 | |
| 12 | 2001592179 | 2001592179 | 辽三/辽宁北配(第三批)/2031/ [索取号:G114/13] | 在馆 | |
| 13 | 2001592180 | 2001592180 | 辽三/辽宁北配(第三批)/2031/ [索取号:G114/13] | 在馆 | |
| 14 | 2001592181 | 2001592181 | 辽三/辽宁北配(第三批)/2031/ [索取号:G114/13] | 在馆 | |
| 15 | 2001592182 | 2001592182 | 辽三/辽宁北配(第三批)/2031/ [索取号:G114/13] | 在馆 | |
| 16 | 2001592183 | 2001592183 | 辽三/辽宁北配(第三批)/2031/ [索取号:G114/13] | 在馆 | |
| 17 | 2001592184 | 2001592184 | 辽三/辽宁北配(第三批)/2031/ [索取号:G114/13] | 在馆 | |
| 18 | 2001592185 | 2001592185 | 辽三/辽宁北配(第三批)/2031/ [索取号:G114/13] | 在馆 | |
| 19 | 2001592186 | 2001592186 | 辽三/辽宁北配(第三批)/2031/ [索取号:G114/13] | 在馆 | |
| 20 | 2001592187 | 2001592187 | 辽三/辽宁北配(第三批)/2031/ [索取号:G114/13] | 在馆 | |
| 21 | 2001592188 | 2001592188 | 辽三/辽宁北配(第三批)/2031/ [索取号:G114/13] | 在馆 |